Joueurs LFL Summer 2023 (League of Legends) - Statistiques

Statistiques générales
  • Ce quiz a été pris 291 fois
  • Le résultat moyen est 24 sur 50
Statistiques - réponses
Réponse % Correct
Cabochard
97%
Caliste
97%
Saken
97%
Targamas
97%
Cinkrof
93%
Eika
79%
Toucouille
72%
Jezu
70%
Peng
68%
Ragner
67%
Hantera
65%
White
63%
Takeset
62%
Czekolad
60%
Melonik
57%
Shlatan
57%
Skewmond
56%
Lot
53%
xMatty
53%
Djoko
51%
Zoelys
51%
Kio
49%
Lyncas
49%
Reeker
49%
Kamilius
47%
Agressivo
46%
Badlulu
46%
Howling
45%
Jactroll
44%
Steeelback
43%
Jeskla
40%
Veignorem
40%
Kryze
39%
Shiganari
38%
Neon
35%
Daglas
34%
Backlund
32%
Trigger
32%
Czajek
31%
Eckas
30%
Erdote
30%
Maxi
23%
Pridestalkr
20%
Twohoyrz
18%
Patkica
15%
Raxxo
15%
Rayito
15%
Practice
13%
Klaj
12%
Nomanz
12%
Aucun quiz correspondant
Distribution des résultats
% des personnes avec chaque résultat
Percentile par nombre de réponses
Votre historique - résultats
Vous n’avez pas pris ce quiz